000 00992nam a2200241Ia 4500
003 IN-BaIIA
008 211028s9999 xx 000 0 eng d
020 _a1-58381-080-3
040 _cIIA Library
080 _a082.2:52
_bASP-242
111 _aInternational Conference ETA Carinae and Other Mysterious Stars
_cHven, Sweden
_d2000 Aug. 24-26
_926051
245 0 _aETA carinae and other mysterious stars
_bthe hidden opportunities of emission line spectroscopy; proceedings of an International conference held in Hven, Sweden, August 24-26, 2000
_cedited by T. R. Gull, S. Johansson and K. Davidson
260 _aCalifornia
_bAstronomical Society of the Pacific
_c2001
300 _axvi, 463p.
490 _aASP conference series; v. 242
650 _aRadiative process
_926052
650 _aSpectroscopy
_91535
650 _aUltraviolet spectrum
_926053
700 _aDavidson, K., ed.
_916300
700 _aGull, T. R., ed.
_926054
700 _aJohansson, S., ed.
_926055
942 _cBK
999 _c14624
_d14624